部首为犭/犬的常见中文汉字 Common Chinese characters with the radical “Dog” - Statistics

General Stats
  • This quiz has been taken 52 times
  • The average score is 32 of 74
Answer Stats
拼音首字母 笔画数 汉字 % Correct
ɡ 8
98%
l 10
89%
m 11
89%
z 11
89%
s 9
80%
h 8
78%
h 12
76%
l 10
76%
l 11
73%
b 7
69%
k 7
67%
p 8
64%
f 8
62%
q 4
62%
m 11
58%
x 12
56%
y 7
56%
y 13
56%
h 9
53%
a 6
49%
f 5
49%
n 8
49%
h 12
47%
j 8
47%
j 9
47%
l 10
47%
m 6
47%
s 9
47%
s 11
47%
d 7
44%
z 9
44%
d 9
42%
s 9
42%
x 9
40%
y 9
40%
a 14
38%
l 15
38%
m 11
38%
z 14
38%
c 11
36%
c 11
36%
h 20
36%
l 11
36%
s 10
36%
t 16
36%
y 7
36%
ɡ 6
33%
h 12
33%
n 11
33%
b 10
31%
c 11
31%
c 12
31%
w 12
31%
x 10
31%
x 13
31%
k 9
29%
q 5
29%
x 8
29%
x 16
29%
j 15
27%
y 10
27%
y 11
27%
r 9
24%
y 10
24%
m 12
22%
j 10
20%
n 7
20%
w 12
20%
y 13
20%
z 7
20%
j 14
16%
n 12
11%
x 17
11%
b 12
4%
No matching quizzes found
Score Distribution
Percent of People with Each Score
Percentile by Number Answered
Your Score History
You have not taken this quiz